| 000 | 00383nam a2200157Ia 4500 | ||
|---|---|---|---|
| 008 | 230917s9999||||xx |||||||||||||| ||und|| | ||
| 020 | _cDM118 | ||
| 040 |
_e11421 _aMAIN |
||
| 041 | _aEnglish | ||
| 082 | _a515.7 C769C | ||
| 100 | _aConway, John B | ||
| 245 | 2 | _aA course in functional analysis | |
| 260 |
_aNew York _bSpringer-Verlag _c1985 |
||
| 300 | _axiv,404 p. | ||
| 942 | _cBK | ||
| 999 |
_c47611 _d47611 |
||